000 00567nam a2200181 i 4500
001 181278
003 ES-MaACL
005 20230906221323.0
008 121129s1862 sp |||| | spa d
100 1 _aAimard, Gustave.
_918974
245 1 3 _aLa ley de Lynch /
_cnovela escrita en francés por Gustave Aimard ; traducción de J. F. Saenz de Urraca.
250 _a2ª ed.
260 _aMadrid :
_bCarlos Bailly-Baillière,
_c1862.
300 _a493 p. ;
_c18 cm.
700 1 _aSáenz de Urraca, J. F.
_9202510
852 _aES-MaACL
_jD-3545
999 _c181278
_d181278